Realismo onírico : cuestiones sobre ideales éticos, T. Moro y N. Maquiavelo

Kaydedildi:
Detaylı Bibliyografya
Yazar: Casasola Rivera, Wilmer
Materyal Türü: Kitap
Dil:Undetermined
Baskı/Yayın Bilgisi: San José, Costa Rica Escuela de Filosofía, Facultad de Letras,Universidad de Costa Rica 2009
Konular:
Etiketler: Etiketle
Etiket eklenmemiş, İlk siz ekleyin!

MARC

LEADER 00000nam a2200000Ia 4500
008 170316s9999 xx 000 0 und d
040 |a cru BVZT 
090 |a Tesis 816 
100 |a Casasola Rivera, Wilmer 
245 |a Realismo onírico : cuestiones sobre ideales éticos, T. Moro y N. Maquiavelo 
260 |a San José, Costa Rica 
260 |b Escuela de Filosofía, Facultad de Letras,Universidad de Costa Rica 
260 |c 2009 
300 |a 155 páginas 
650 |a FILOSOFÍA 
650 |a TRABAJO FINAL DE GRADUACIÓN 
650 |a REALISMO 
650 |a IDEALISMO 
650 |a MORO 
650 |a MAQUIAVELO 
999 |c 14486  |d 14486 
942 |c TFG  |h Tesis 816  |2 z